000 01441cam a22003974i 4500
003 PE-LiUPU
005 20250731184549.0
008 150625s r 000 0 d
035 _a(Sirsi) a33198
040 _aPE-LiUPU
_bspa
_cPE-LiUPU
_erda
082 0 4 _a985.019
_bC45
_221
100 1 _aCerron Palomino, Rodolfo,
_eautor.
245 1 3 _aLa lengua de Naimlap; (reconstruccion y obsolescencia del mochica).
264 1 _aLima :
_bGráficas,
_c1995.
336 _atext
_2rdacontent
337 _aunmediated
_2rdamedia
338 _avolume
_2rdacarrier
505 0 _aLa lengua mochica. - Introducción. - Fuentes del estudio. - Fonémas segmentales. - Estructura silábica. - Régimen acentual. - Morfofonémica. - Evolución y obsolencia. - Esplendor y ocaso. - Lexico mochica.
526 _aP136
526 _aP135
526 _aP134
526 _aP133
526 _aP144
526 _aP143
526 _aP87
526 _aP35
526 _aP20
526 _aP14
526 _aP10
526 _aP06
942 _2ddc
_cBOOK
949 _a985.019 C45
_wDEWEY
_c1
_i38241
_lCCODEBUL1
_mBUL
_p00.00
_r0
_sY
_tBOOK
_u2015-06-25
_xBIBLIOTECA
_zUNKNOWN
_0COMPRA
_o.STAFF. Colección General
596 _a1
999 _a985.019 C45
_wDEWEY
_c40922
_i38241
_f2021-11-8
_g5
_lCCODEBUL1
_mBUL
_r0
_sY
_tBOOK
_u2015-6-25
_xBIBLIOTECA
_zUNKNOWN
_0COMPRA
_o.STAFF. Colección General
_d40922
980 _81
_gALBERTO SANCHEZ Responsable de Automatización